Top 10 Most Popular Degrees in 2026 - Statistics

General Stats
  • This quiz has been taken 16 times
  • The average score is 2 of 10
Answer Stats
Hint Answer % Correct
3 Computer Science
79%
2 Mechanical Engineering
29%
5 Business Admin / Management
21%
1 Finance
21%
4 Accounting
14%
6 Electrical Engineering
7%
7 IT
7%
8 Logistics / Supply Chain
7%
9 Marketing
7%
10 Human Resources
0%
No matching quizzes found
Score Distribution
Percent of People with Each Score
Percentile by Number Answered
Your Score History
You have not taken this quiz